The Hollow (Record no. 4866)
[ view plain ]
| 000 -LEADER | |
|---|---|
| fixed length control field | 00530 a2200145 4500 |
| 020 ## - INTERNATIONAL STANDARD BOOK NUMBER | |
| International Standard Book Number | 0006165516 |
| 082 ## - DEWEY DECIMAL CLASSIFICATION NUMBER | |
| Classification number | 823.912 |
| 090 ## - LOCALLY ASSIGNED LC-TYPE CALL NUMBER (OCLC); LOCAL CALL NUMBER (RLIN) | |
| -- | 897 |
| -- | 897 |
| 100 ## - MAIN ENTRY--PERSONAL NAME | |
| Personal name | Christie, Agatha. |
| 245 ## - TITLE STATEMENT | |
| Title | The Hollow |
| Statement of responsibility, etc. | Agatha Christie |
| 260 ## - PUBLICATION, DISTRIBUTION, ETC. | |
| Place of publication, distribution, etc. | England: |
| Name of publisher, distributor, etc. | HarperCollins Publishers Ltd, |
| Date of publication, distribution, etc. | 1955. |
| 300 ## - PHYSICAL DESCRIPTION | |
| Extent | 232 p. ; |
| Dimensions | 20 cm. |
| 650 ## - SUBJECT ADDED ENTRY--TOPICAL TERM | |
| Topical term or geographic name entry element | 1.Christie, Agatha, 1890-1976--Criticism and interpretation.2.Detective and mystery stories, English--History and criticism.3.Women and literature--England--History--20th century. |
| 942 ## - ADDED ENTRY ELEMENTS (KOHA) | |
| Koha item type | Book |
| Call number prefix | 823.912 CHA |
| Withdrawn status | Lost status | Damaged status | Not for loan | Collection code | Permanent Location | Current Location | Shelving location | Date acquired | Source of acquisition | Cost, normal purchase price | Total Checkouts | Total Renewals | Full call number | Barcode | Date last seen | Price effective from | Koha item type |
|---|---|---|---|---|---|---|---|---|---|---|---|---|---|---|---|---|---|
| Central Library (CL) | Central Library (CL) | General Stacks | 01/22/2003 | Academic Book com. | 150.00 | 3 | 823.912 CHA | SEECS003021 | 09/19/2022 | 01/05/2017 | Book |
